LIBRARY & INFORMATION CENTRE, KCAET, TAVANUR

ONLINE PUBLIC ACCESS CATALOGUE (OPAC)

Normal view MARC view
  • Wadhwa, C.L

Entry Personal Name

Number of records used in: 1

001 - CONTROL NUMBER

  • control field: 6505

003 - CONTROL NUMBER IDENTIFIER

  • control field: OSt

005 - DATE AND TIME OF LATEST TRANSACTION

  • control field: 20241218152202.0

008 - FIXED-LENGTH DATA ELEMENTS

  • fixed length control field: 241218|| aca||aabn | a|a d

040 ## - CATALOGING SOURCE

  • Original cataloging agency: OSt
  • Transcribing agency: OSt

100 ## - HEADING--PERSONAL NAME

  • Personal name: Wadhwa, C.L

670 ## - SOURCE DATA FOUND

  • Source citation: Work cat.: (OSt)2028: Wadhwa, C.L ., Generation distribution and utilization of electrical energy / , 1997.
free website counter